| 000 | 00518pab a2200181 454500 | ||
|---|---|---|---|
| 008 | 180718b2007 xxu||||| |||| 00| 0 eng d | ||
| 100 | _aDas, S.C. | ||
| 245 | _aCor;porate governance standards and practices in information technology (IT) industry in India | ||
| 260 | _c2007 | ||
| 300 | _ap.99-113. | ||
| 362 | _aFeb | ||
| 650 | _aInformation technology - India | ||
| 650 | _aCorporate governance - India | ||
| 650 | _aCorporate governance | ||
| 773 | _aManagement Accountant | ||
| 908 | _aN | ||
| 909 | _a73370 | ||
| 999 |
_c73370 _d73370 |
||